000 00480nmm a2200169Ia 4500
008 251105s9999||||xx |||||||||||||||||und||
020 _a9788499678597
041 _aspa
100 _aPastrana Piñero, Juan
245 0 _aOperación Fall Blau
264 _a[Madrid, España] :
_bEdiciones Nowtilus,
_c2017
300 _a352 páginas
490 _aHistoria Incógnita
650 _aHistory (General)
856 _uhttps://public.digitaliapublishing.com/a/171873
942 _cCF
999 _c93188
_d93188